Normal view MARC view
  • Wildsmith, J. A. W.

Entry Personal Name

Number of records used in: 1

001 - CONTROL NUMBER

  • control field: 126678

003 - CONTROL NUMBER IDENTIFIER

  • control field: NUST

005 - DATE AND TIME OF LATEST TRANSACTION

  • control field: 20241031125658.0

008 - FIXED-LENGTH DATA ELEMENTS

  • fixed length control field: 241031|| aca||aabn | a|a d

040 ## - CATALOGING SOURCE

  • Original cataloging agency: NUST
  • Transcribing agency: NUST

100 ## - HEADING--PERSONAL NAME

  • Personal name: Wildsmith, J. A. W.

670 ## - SOURCE DATA FOUND

  • Source citation: Work cat.: (NUST): Wildsmith & Armitage's principles and practice of regional anaesthesia /, 2013
© 2023 Central Library, National University of Sciences and Technology. All Rights Reserved.